Industrial and organizational psychology:rsearch and practice (Record no. 92592)

MARC details
000 -LEADER
fixed length control field 00382nam a2200145Ia 4500
008 - FIXED-LENGTH DATA ELEMENTS--GENERAL INFORMATION
fixed length control field 230917s9999||||xx |||||||||||||| ||und||
040 ## - CATALOGING SOURCE
-- 29765
Original cataloging agency VIVEKANANDA LIBRARY
041 ## - Language
-- English
082 ## - DDC NUMBER
Classification number 158.7 S31I
100 ## - MAIN ENTRY--PERSONAL NAME
Personal name Spector, Paul E
245 #0 - TITLE STATEMENT
Title Industrial and organizational psychology:rsearch and practice
260 ## - PUBLICATION, DISTRIBUTION, ETC. (IMPRINT)
Place of publication, distribution, etc New York
Name of publisher, distributor, etc John Wiley
Date of publication, distribution, etc 1996
300 ## - PHYSICAL DESCRIPTION
Pages 420 p.
942 ## - ADDED ENTRY ELEMENTS (KOHA)
Koha item type Old Books
Holdings
Withdrawn status Lost status Damaged status Not for loan Location (home branch) Sublocation or collection (holding branch) Date acquired Koha issues (times borrowed) Koha full call number Accession No. Koha date last seen Koha item type Shelving location
        VIVEKANANDA LIBRARY VIVEKANANDA LIBRARY 08/08/2002 1 158.7 S31I 173679 12/09/2024 Old Books  
        VIVEKANANDA LIBRARY VIVEKANANDA LIBRARY 08/08/2002   158.7 S31I 304063 17/09/2023 Old Books IMSAR Library
© Designed and Maintained by Vivekananda Library, MDU Rohtak